İçeriği atla
Inicio
Centros participantes
Catálogo
Servicios
Contacto
Giriş
English
Deutsch
Español
Français
Italiano
日本語
Nederlands
Português
Português (Brasil)
中文(简体)
中文(繁體)
Türkçe
עברית
Gaeilge
Cymraeg
Ελληνικά
Català
Euskara
Русский
Čeština
Suomi
Svenska
polski
Dansk
slovenščina
اللغة العربية
বাংলা
Galego
Tiếng Việt
Hrvatski
हिंदी
Հայերէն
Українська
Sámegiella
Dil
Tüm Alanlar
Materyal Adı
Yazar
Konu
Yer Numarası
ISBN/ISSN
Etiket
Ara
Gelişmiş
Emigraciones en Centroamérica:...
Alıntıla
E-posta Gönder
Yazdır
Kaydı İhraç Et
İhraç Et RefWorks
İhraç Et EndNoteWeb
İhraç Et EndNote
Favorilerime ekle
Kalıcı bağlantı
İlk derecelendirmeyi ekleyin
Emigraciones en Centroamérica: informe final
Kaydedildi:
Detaylı Bibliyografya
Yazar:
Torres, Héctor
Müşterek Yazar:
CSUCA. Programa Centroamericano de Ciencias de la Salud
Materyal Türü:
Metin
Baskı/Yayın Bilgisi:
San José:
CSUCA
Etiketler:
Etiketle
Etiket eklenmemiş, İlk siz ekleyin!
Erişim Bilgileri
Diğer Bilgiler
Yorumlar
Benzer Materyaller
MARC Görünümü
MARC
LEADER
00000 a a2200000 04500
001
21071
003
040
090
|a
091100
100
|a
Torres, Héctor
110
|a
CSUCA. Programa Centroamericano de Ciencias de la Salud
245
|a
Emigraciones en Centroamérica: informe final
260
|a
San José:
|b
CSUCA
300
|a
15 p.
999
|c
11125
|d
11125
Benzer Materyaller
Guápiles: una pequeña ciudad en expansión en Costa Rica /
Yazar:: Lungo Uclés, Mario
Los Derechos Humanos en Guatemala
El Salvador update: labor under siege. A report on the Salvadorean trade union movement october, 1985
Planificación urbana y vivienda progresiva
Yazar:: Lungo Uclés, Mario
Un pueblo heroico responde
Yazar:: Ilom, Gaspar